| 000 | 00378nam a22001337a 4500 | ||
|---|---|---|---|
| 082 |
_a940.5425 _bADC _cL-30, P-52 |
||
| 100 |
_aAdcock, Colonel W.H. _948995 |
||
| 245 |
_aSappers in the persian gulf _cAdcock |
||
| 260 |
_a Bombay _bThacker & co.,Ltd. Bombay _c1952 |
||
| 300 | _axv, 175 P.: | ||
| 526 |
_a0 _b0 _c0 _d940_542500000000000_ADC |
||
| 650 |
_aMCE _9379 |
||
| 942 |
_2ddc _cBK |
||
| 999 |
_c551838 _d551838 |
||